000 00425nam a2200157Ia 4500
008 230312s9999||||xx |||||||||||||| ||und||
020 _a0-7494-3091-5
082 _a302.3
_bJAQ
100 _aDavid Jaques
245 0 _aLearning in Groups
260 _bRoutledge Falmer
_aLondon
_c1984
300 _a310
546 _aEng.
650 _aEconomics
_vTheories about group behaviour, Research into group behaviour
942 _cBK
999 _c2748
_d2748